LEADER 00911nam0-22003371i-450- 001 990004394430403321 005 20090901141325.0 010 $a88-421-0580-5 035 $a000439443 035 $aFED01000439443 035 $a(Aleph)000439443FED01 035 $a000439443 100 $a19990604d2001----km-y0itay50------ba 101 0 $aita 102 $aIT 105 $ay-------001yy 200 1 $aPiemonte e Valle d'Aosta$fTullio Telmon 210 $aRoma ; Bari$cLaterza$d2001 215 $aX, 189 p.$d24 cm 225 1 $aProfili linguistici delle regioni 610 0 $aDialetti$aPiemonte 610 0 $aDialetti$aValle d'Aosta 676 $a457.1 700 1$aTelmon,$bTullio$0174005 801 0$aIT$bUNINA$c20050202$gRICA$2UNIMARC 901 $aBK 912 $a990004394430403321 952 $aP.3 B 14343$fFLFBC 959 $aFLFBC 996 $aPiemonte e Valle d'Aosta$9542515 997 $aUNINA